000 00518nam a2200217Ia 4500
003 OSt
005 20220928144714.0
006 a|||||r|||| 00| 0
007 ta
008 220927b |||||||| |||| 00| 0 eng d
024 _a73184
037 _cTextual
040 _aSDCL
_cSDCL
_beng
041 _2eng
_aeng
082 _aV4653'N6, M1
100 _aCattan Henry
_9509206
245 0 _aJerusalem.
260 _c1981
942 _hV4653'N6, M1
_cTEXL
_2CC
999 _c829090
_d829090